000
00215nam a2200085Ia 4500
008
170523s9999 xx 000 0 und d
100
_a
PAUL- JOSE
245
0
_a
ENTREPRENEURSHIP DEVELOPMENT
260
_b
DELHI HIMALAYA PUBLICATION
260
_c
1999
999
_c
43
_d
43